[Event "Hilton Open 2011"]
[Site "Basel"]
[Date "2011.01.03"]
[Round "4"]
[White "Vatter, Hans Joachim"]
[Black "Bacrot, Nathalie"]
[Result "1-0"]
[WhiteElo "2324"]
[BlackElo "2114"]
[PlyCount "67"]
[EventDate "2011.01.??"]
[EventType "swiss"]
[EventRounds "7"]
[EventCategory "1"]
[SourceDate "2011.01.02"]

1. d4 g6 2. e4 Bg7 3. Nc3 d6 4. f4 a6 5. Be3 b5 6. Nf3 Bb7 7. Bd3 Nd7 8. a4 b4
9. Nb1 e5 10. O-O Ngf6 11. fxe5 dxe5 12. dxe5 Nxe4 13. Bxe4 Bxe4 14. Ng5 Bf5
15. Rxf5 gxf5 16. e6 Ne5 17. Qe2 f6 18. Qh5+ Ng6 19. Nxh7 Ke7 20. Qxg6 Qg8 21.
Bc5+ Kxe6 22. Ng5+ Kd5 23. Qxf5+ Kc6 24. Nf3 Rd8 25. Nd4+ Kb7 26. Nd2 Rd5 27.
Qf3 c6 28. N2b3 Qh7 29. h3 Qg6 30. c4 bxc3 31. bxc3 f5 32. c4 Rxc5 33. Nxc5+
Kb6 34. Nce6 1-0

[Event "Hilton Open 2011"]
[Site "Basel"]
[Date "2011.01.03"]
[Round "4"]
[White "Arounopoulos, Stephan"]
[Black "Sand, Rolf"]
[Result "1-0"]
[WhiteElo "2085"]
[BlackElo "2033"]
[PlyCount "73"]
[EventDate "2011.01.??"]
[EventType "swiss"]
[EventRounds "7"]
[EventCategory "1"]
[SourceDate "2011.01.02"]

1. d4 Nf6 2. c4 g6 3. Nc3 d5 4. cxd5 Nxd5 5. e4 Nxc3 6. bxc3 Bg7 7. Nf3 c5 8.
Rb1 O-O 9. Be2 b6 10. Be3 Bb7 11. Qc2 cxd4 12. cxd4 Nd7 13. Bd3 Nf6 14. d5 e6
15. dxe6 fxe6 16. O-O Qe7 17. Ng5 h6 18. Nxe6 Rfc8 19. Qb3 Bxe4 20. Bxe4 Nxe4
21. Nc7+ Kh7 22. Nxa8 Rxa8 23. Rbc1 Be5 24. Rc6 Re8 25. Rfc1 Bd6 26. Rc8 Nc5
27. Rxe8 Qxe8 28. Qd5 Be7 29. Rd1 Qf8 30. Bxc5 Bxc5 31. Qd7+ Kg8 32. Qe6+ Kh8
33. Qe5+ Kg8 34. Qe6+ Kh8 35. Rd2 g5 36. Qe5+ Kg8 37. Qc7 1-0

[Event "Hilton Open 2011"]
[Site "Basel"]
[Date "2011.01.03"]
[Round "4"]
[White "Maier, Christian"]
[Black "Malakhatko, Vadim"]
[Result "0-1"]
[WhiteElo "2367"]
[BlackElo "2546"]
[PlyCount "76"]
[EventDate "2011.01.??"]
[EventType "swiss"]
[EventRounds "7"]
[EventCategory "1"]
[SourceDate "2011.01.02"]

1. e4 c5 2. Nf3 Nc6 3. Bb5 e6 4. c3 Nge7 5. O-O a6 6. Ba4 b5 7. Bc2 Bb7 8. Re1
d5 9. exd5 Qxd5 10. d4 Rd8 11. dxc5 Qxc5 12. Qe2 Ng6 13. Be3 Qh5 14. Nbd2 Be7
15. a4 b4 16. Ne4 O-O 17. c4 Nge5 18. Nxe5 Qxe5 19. f4 Qc7 20. Qf2 Qc8 21. Bb6
Rd7 22. Rad1 Nb8 23. Nc5 Rxd1 24. Rxd1 Bxg2 25. Kxg2 Qc6+ 26. Ne4 f5 27. Qe3 b3
28. Qxb3 fxe4 29. Qe3 Nd7 30. Bd4 Nf6 31. b3 Qb7 32. Qh3 Qc6 33. Re1 g6 34. Bc3
Nh5 35. Qe3 Nxf4+ 36. Kg1 Bc5 37. Bd4 Nh3+ 38. Kh1 Bxd4 0-1

[Event "Hilton Open 2011"]
[Site "Basel"]
[Date "2011.01.03"]
[Round "4"]
[White "Lutz, Bernhard"]
[Black "Battaglini, Gabriel"]
[Result "1-0"]
[WhiteElo "2292"]
[BlackElo "2437"]
[PlyCount "81"]
[EventDate "2011.01.??"]
[EventType "swiss"]
[EventRounds "7"]
[EventCategory "1"]
[SourceDate "2011.01.02"]

1. d4 d5 2. c4 c6 3. Nf3 Nf6 4. Nc3 e6 5. Bg5 dxc4 6. e4 b5 7. e5 h6 8. Bh4 g5
9. Nxg5 hxg5 10. Bxg5 Nbd7 11. g3 Qb6 12. exf6 Bb7 13. Bg2 c5 14. d5 O-O-O 15.
O-O b4 16. Na4 Qb5 17. a3 Nb8 18. axb4 cxb4 19. Be3 Bxd5 20. Bxd5 exd5 21. Bxa7
Nc6 22. Qg4+ Kb7 23. Bb6 Ne5 24. Qf5 Re8 25. Rfe1 Bd6 26. Bd4 Nd7 27. Red1 Re6
28. Be3 Kc6 29. b3 c3 30. Bd4 Rhe8 31. Bxc3 bxc3 32. Nxc3 Qxb3 33. Nxd5 Re5 34.
Ne7+ R8xe7 35. fxe7 Rxe7 36. Rdc1+ Bc5 37. Rab1 Qe6 38. Qd3 Qe4 39. Qb5+ Kd6
40. Rd1+ Bd4 41. Qc4 1-0

[Event "Hilton Open 2011"]
[Site "Basel"]
[Date "2011.01.03"]
[Round "4"]
[White "Filipovic, Branko"]
[Black "Haener, Philippe"]
[Result "1-0"]
[WhiteElo "2413"]
[BlackElo "2180"]
[PlyCount "81"]
[EventDate "2011.01.??"]
[EventType "swiss"]
[EventRounds "7"]
[EventCategory "1"]
[SourceDate "2011.01.02"]

1. e4 c6 2. d4 d5 3. Nc3 dxe4 4. Nxe4 Bf5 5. Ng3 Bg6 6. h4 h6 7. f4 e6 8. Nf3
Nf6 9. Ne5 Bh7 10. Bc4 Bd6 11. Qe2 Qe7 12. Be3 Nbd7 13. O-O-O O-O-O 14. Bd2
Rhe8 15. Bb3 Kb8 16. Rhe1 Bc7 17. Qf3 Nd5 18. c4 N5f6 19. a3 Bd6 20. Bc3 Qf8
21. Bc2 Bxc2 22. Kxc2 Rc8 23. Ne4 Be7 24. h5 Nb6 25. Ba5 Rcd8 26. c5 Nxe4 27.
Qxe4 Nd5 28. Bxd8 Rxd8 29. Nc4 Ka8 30. f5 exf5 31. Qxf5 Bxc5 32. dxc5 Qxc5 33.
Qe4 b5 34. b3 Rb8 35. Qd4 Qxd4 36. Rxd4 bxc4 37. bxc4 Nf6 38. Re7 Rb7 39. Rd8+
Rb8 40. Rxb8+ Kxb8 41. Rxf7 1-0

[Event "Hilton Open 2011"]
[Site "Basel"]
[Date "2011.01.03"]
[Round "4"]
[White "Bjerke, Silje"]
[Black "Milosevic, Goran"]
[Result "1-0"]
[WhiteElo "2186"]
[BlackElo "2357"]
[PlyCount "85"]
[EventDate "2011.01.??"]
[EventType "swiss"]
[EventRounds "7"]
[EventCategory "1"]
[SourceDate "2011.01.02"]

1. e4 c5 2. Nf3 e6 3. d4 cxd4 4. Nxd4 a6 5. Nc3 Qc7 6. Be2 b5 7. O-O Bb7 8. Re1
Bb4 9. Bd2 Be7 10. Bd3 b4 11. Nce2 Nf6 12. Ng3 Nc6 13. Nxc6 Qxc6 14. Rc1 O-O
15. c3 bxc3 16. Rxc3 Qb6 17. Bg5 d6 18. e5 dxe5 19. Nh5 Rfd8 20. Bxf6 Bxf6 21.
Nxf6+ gxf6 22. Bxh7+ Kf8 23. Qc1 Rac8 24. h4 Qb4 25. Be4 Rxc3 26. bxc3 Qb6 27.
Bxb7 Qxb7 28. h5 Qc7 29. h6 Qd6 30. c4 Rc8 31. Rd1 Qb4 32. Rd7 Rxc4 33. Rd8+
Ke7 34. Qd1 Rd4 35. Rxd4 exd4 36. h7 Qb8 37. Qh5 Qh8 38. Qc5+ Kd7 39. Qxd4+ Kc6
40. Qd3 Kb6 41. Qd6+ Kb5 42. Qd7+ Ka5 43. Qxf7 1-0

[Event "Hilton Open 2011"]
[Site "Basel"]
[Date "2011.01.03"]
[Round "4"]
[White "Ibrahimov, Rasul"]
[Black "Melkumjanz, Nikolay"]
[Result "1-0"]
[WhiteElo "2538"]
[BlackElo "2260"]
[PlyCount "93"]
[EventDate "2011.01.??"]
[EventType "swiss"]
[EventRounds "7"]
[EventCategory "1"]
[SourceDate "2011.01.02"]

1. Nf3 c5 2. c4 b6 3. d4 cxd4 4. Nxd4 Bb7 5. Nc3 g6 6. e4 Bg7 7. Be2 Nc6 8. Be3
Nf6 9. O-O O-O 10. f3 d6 11. Qd2 Nxd4 12. Bxd4 Ne8 13. Be3 Nc7 14. Rfd1 Qe8 15.
a4 f5 16. exf5 gxf5 17. a5 bxa5 18. Rxa5 a6 19. Qc2 Be5 20. Bd4 Bxd4+ 21. Rxd4
Ne6 22. Rh4 Ng7 23. c5 d5 24. Qb3 Qd7 25. Rb4 Bc6 26. Rxa6 Rxa6 27. Bxa6 Ne6
28. Bb7 Rd8 29. Rb6 Bxb7 30. Rxb7 Qc6 31. Qb5 Qxc5+ 32. Qxc5 Nxc5 33. Rxe7 d4
34. Nd1 Ra8 35. Kf1 Ra1 36. Ke1 Rc1 37. b4 Na4 38. Kd2 Rb1 39. Rb7 Nb2 40. Nxb2
Rxb2+ 41. Kd3 Rxg2 42. h4 Rf2 43. Kxd4 Rxf3 44. b5 f4 45. Ke4 Rh3 46. b6 Rxh4
47. Rc7 1-0

[Event "Hilton Open 2011"]
[Site "Basel"]
[Date "2011.01.03"]
[Round "4"]
[White "Eschbach, Dennis"]
[Black "Scherer, Max"]
[Result "0-1"]
[WhiteElo "2416"]
[BlackElo "2252"]
[PlyCount "94"]
[EventDate "2011.01.??"]
[EventType "swiss"]
[EventRounds "7"]
[EventCategory "1"]
[SourceDate "2011.01.02"]

1. e4 e6 2. d4 b6 3. Nf3 Bb7 4. Bd3 c5 5. c3 Nf6 6. Qe2 Be7 7. e5 Nd5 8. dxc5
bxc5 9. c4 Nb6 10. Nc3 Nc6 11. O-O d5 12. exd6 Qxd6 13. Nb5 Qb8 14. Ng5 a6 15.
Nc3 Nd7 16. f4 Nf6 17. Be3 Qc7 18. Nge4 Nd4 19. Bxd4 cxd4 20. Nxf6+ gxf6 21.
Ne4 f5 22. Ng3 h5 23. Nxh5 O-O-O 24. c5 Kb8 25. Ng3 Bxc5 26. Rac1 Qb6 27. Rf2
Rh4 28. Nf1 Rg8 29. Rc2 Bd6 30. Nd2 Rxf4 31. Nc4 Rxf2 32. Qxf2 Qc7 33. Qh4 Qc6
34. Qh3 Bf4 35. Na5 Be3+ 36. Kh1 Qf3 37. Qxf3 Bxf3 38. Nc6+ Kb7 39. Na5+ Kb8
40. Nc6+ Ka8 41. Ne7 Rg7 42. Bxa6 Be4 43. Rc8+ Ka7 44. Bf1 d3 45. Rc7+ Kb6 46.
Rd7 d2 47. a4 f6 0-1

[Event "Hilton Open 2011"]
[Site "Basel"]
[Date "2011.01.03"]
[Round "4"]
[White "Huseyn, Orkhan"]
[Black "Suter, Stephan"]
[Result "1-0"]
[WhiteElo "2094"]
[BlackElo "2052"]
[PlyCount "97"]
[EventDate "2011.01.??"]
[EventType "swiss"]
[EventRounds "7"]
[EventCategory "1"]
[SourceDate "2011.01.02"]

1. e4 e6 2. d4 d5 3. Nc3 Nf6 4. e5 Nfd7 5. f4 c5 6. Nf3 Nc6 7. Be3 cxd4 8. Nxd4
Nxd4 9. Bxd4 Nb8 10. Qd2 Bd7 11. O-O-O Nc6 12. Ne2 Nxd4 13. Nxd4 Qb6 14. h4 Bc5
15. Rh3 Bxd4 16. Qxd4 Qxd4 17. Rxd4 O-O 18. Rb3 Bc6 19. g3 Rfc8 20. Kd2 a5 21.
a4 Rc7 22. Be2 Rac8 23. Rb6 Kf8 24. Bd3 h6 25. Rb3 Ke7 26. Rc3 Bd7 27. Rxc7
Rxc7 28. Ke3 Rc5 29. b4 axb4 30. Rxb4 Bc6 31. Rb6 Kd7 32. f5 Kc7 33. fxe6 fxe6
34. Rb4 g5 35. Rd4 Ra5 36. hxg5 hxg5 37. Kf3 Ra8 38. Kg4 Rg8 39. Rb4 Be8 40. a5
Bc6 41. Rb1 Ra8 42. Kxg5 Rxa5 43. g4 Ra8 44. Kf6 d4 45. g5 Kd7 46. Kf7 Bf3 47.
g6 Bh5 48. Rxb7+ Kd8 49. Kf6 1-0

[Event "Hilton Open 2011"]
[Site "Basel"]
[Date "2011.01.03"]
[Round "4"]
[White "Bae, Torstein"]
[Black "Alfred, Nathan"]
[Result "1/2-1/2"]
[WhiteElo "2411"]
[BlackElo "2268"]
[PlyCount "78"]
[EventDate "2011.01.??"]
[EventType "swiss"]
[EventRounds "7"]
[EventCategory "1"]
[SourceDate "2011.01.02"]

1. e4 e6 2. d4 d5 3. exd5 exd5 4. c4 Nc6 5. Nc3 Bb4 6. Nf3 Nge7 7. a3 Bxc3+ 8.
bxc3 O-O 9. cxd5 Nxd5 10. Bd2 Re8+ 11. Be2 Qe7 12. c4 Nb6 13. Be3 Bg4 14. Rc1
Rad8 15. d5 Qxa3 16. O-O Bxf3 17. Bxf3 Ne5 18. Be2 Qe7 19. Qb3 Qh4 20. Rfd1 Ng4
21. Bxg4 Qxg4 22. c5 Qa4 23. Qxa4 Nxa4 24. Kf1 f6 25. Rd3 Rd7 26. Ra1 b5 27. c6
Rdd8 28. Bxa7 Re5 29. Re1 Kf7 30. Rxe5 fxe5 31. f4 exf4 32. Rd4 g5 33. d6 cxd6
34. Rd5 Nc3 35. Rxg5 Rc8 36. Bd4 Rxc6 37. Bxc3 Rxc3 38. Rxb5 Ke6 39. Rh5 Rc7
1/2-1/2

[Event "Hilton Open 2011"]
[Site "Basel"]
[Date "2011.01.03"]
[Round "4"]
[White "Heimann, Andreas"]
[Black "Hamdouchi, Hichem"]
[Result "1/2-1/2"]
[WhiteElo "2476"]
[BlackElo "2592"]
[PlyCount "81"]
[EventDate "2011.01.??"]
[EventType "swiss"]
[EventRounds "7"]
[EventCategory "1"]
[SourceDate "2011.01.02"]

1. Nf3 d5 2. d4 Nf6 3. c4 c6 4. Nc3 a6 5. e3 e6 6. Bd2 Nbd7 7. cxd5 exd5 8. Bd3
Bd6 9. O-O O-O 10. Qc2 Re8 11. Rfe1 Nf8 12. h3 Bd7 13. e4 dxe4 14. Nxe4 Nxe4
15. Bxe4 h6 16. Ne5 Be6 17. Bc3 Qh4 18. Re3 Rad8 19. Rae1 Bxe5 20. dxe5 Bd5 21.
Rg3 Ne6 22. Rg4 Qe7 23. Bf5 c5 24. Qc1 Kh8 25. Re3 Nd4 26. Bxd4 cxd4 27. Rxd4
Qg5 28. Be4 Bxe4 29. Rdxe4 f5 30. Rc4 f4 31. Re1 Rxe5 32. Rxe5 Qxe5 33. Rc8
Rxc8 34. Qxc8+ Kh7 35. Qxb7 Qe1+ 36. Kh2 Qxf2 37. Qe4+ Kh8 38. Qe8+ Kh7 39.
Qe4+ Kh8 40. Qe8+ Kh7 41. Qe4+ 1/2-1/2

[Event "Hilton Open 2011"]
[Site "Basel"]
[Date "2011.01.03"]
[Round "4"]
[White "Kolbus, Dietmar"]
[Black "Korneev, Oleg"]
[Result "1/2-1/2"]
[WhiteElo "2332"]
[BlackElo "2576"]
[PlyCount "101"]
[EventDate "2011.01.??"]
[EventType "swiss"]
[EventRounds "7"]
[EventCategory "1"]
[SourceDate "2011.01.02"]

1. d4 d5 2. c4 e6 3. Nf3 Nf6 4. e3 Be7 5. Nbd2 O-O 6. Be2 c5 7. dxc5 Bxc5 8. a3
a5 9. b3 Nc6 10. Bb2 d4 11. exd4 Nxd4 12. O-O Nxe2+ 13. Qxe2 b6 14. Ne4 Nxe4
15. Qxe4 Qe7 16. Bd4 Bb7 17. Bxc5 bxc5 18. Qe3 Rad8 19. Rad1 f6 20. Rd2 Rxd2
21. Nxd2 Rd8 22. Ne4 Rd4 23. Nc3 Qd7 24. Nb5 Rd3 25. Qxc5 Rxb3 26. Nd6 Ba8 27.
f3 Rd3 28. Nb5 h6 29. Qb6 Bc6 30. Qxa5 Bxb5 31. cxb5 Qd4+ 32. Kh1 Rd1 33. Re1
Qa4 34. Qc3 Qc2 35. Qe3 Qb1 36. Rxd1 Qxd1+ 37. Qg1 Qb3 38. b6 Qxa3 39. Qb1 Qd6
40. b7 Qb8 41. Qb6 Kf7 42. h3 Ke7 43. Kg1 Kd7 44. Kf2 g5 45. Qd4+ Ke7 46. Qb6
Kd7 47. Kf1 h5 48. Qd4+ Ke7 49. Qb6 Kd7 50. Qd4+ Ke7 51. Qb6 1/2-1/2

[Event "Hilton Open 2011"]
[Site "Basel"]
[Date "2011.01.03"]
[Round "4"]
[White "Graeber, Fabien"]
[Black "Drazic, Sinisa"]
[Result "0-1"]
[WhiteElo "2086"]
[BlackElo "2487"]
[PlyCount "162"]
[EventDate "2011.01.??"]
[EventType "swiss"]
[EventRounds "7"]
[EventCategory "1"]
[SourceDate "2011.01.02"]

1. c4 e5 2. Nc3 Bb4 3. Nd5 Be7 4. d4 d6 5. Nf3 e4 6. Nd2 c6 7. Nxe7 Qxe7 8. e3
f5 9. g3 Nf6 10. Bg2 Na6 11. a3 Bd7 12. Qc2 Nc7 13. b3 h5 14. h4 Ng4 15. Bb2
O-O 16. Nb1 d5 17. a4 Rf6 18. Ba3 Qf7 19. c5 Ne6 20. Nc3 Be8 21. Ne2 Qc7 22.
Nf4 Nxf4 23. gxf4 Rg6 24. Bf1 Qa5+ 25. b4 Qd8 26. Be2 Kh7 27. Qd2 Kh6 28. Bb2
Nf6 29. Kf1 Rb8 30. Bc3 Nh7 31. Qc2 Nf6 32. Qd2 Ng8 33. Qc2 Ne7 34. f3 Ng8 35.
Be1 Nf6 36. Rg1 Rxg1+ 37. Kxg1 Qe7 38. Ra3 Bd7 39. Bd1 exf3 40. Bxf3 Re8 41.
Bf2 Ng4 42. Qd2 Qd8 43. Kg2 Re6 44. Kh3 Rg6 45. Be1 Qe7 46. Qe2 Nf6 47. Kh2 Be8
48. Rb3 Ng4+ 49. Kh3 Re6 50. Bf2 Qc7 51. Qd2 Bd7 52. Be1 Re8 53. Ra3 Qb8 54.
Ra1 Re7 55. Ra3 Re8 56. Bf2 Re7 57. Be1 Be8 58. Bf2 b6 59. cxb6 Qxb6 60. Be1
Bd7 61. a5 Qb8 62. Be2 Qd6 63. Bf1 Re8 64. Kg3 Qg6 65. Kh3 Qe6 66. Bf2 Qe4 67.
Bg2 Qb1 68. Be1 Kh7 69. Bf1 Qe4 70. Bg2 Qe6 71. Bf2 Bc8 72. a6 Qe7 73. Kg3 Nxf2
74. Qxf2 Qxb4 75. Ra2 Qb3 76. Kf3 Re6 77. Bf1 Qb1 78. Rb2 Qe4+ 79. Kg3 Qxe3+
80. Qxe3 Rxe3+ 81. Kf2 Ra3 0-1

[Event "Hilton Open 2011"]
[Site "Basel"]
[Date "2011.01.03"]
[Round "4"]
[White "Liepold, Stefan"]
[Black "Lekic, Dusan"]
[Result "1/2-1/2"]
[WhiteElo "2254"]
[BlackElo "2389"]
[PlyCount "140"]
[EventDate "2011.01.??"]
[EventType "swiss"]
[EventRounds "7"]
[EventCategory "1"]
[SourceDate "2011.01.02"]

1. e4 e5 2. Nf3 Nc6 3. Bb5 a6 4. Ba4 Nf6 5. O-O Be7 6. Re1 b5 7. Bb3 O-O 8. h3
Bb7 9. d3 d6 10. a3 Nb8 11. Nbd2 Nbd7 12. Ba2 c5 13. Nf1 h6 14. Ng3 Re8 15. Nh4
d5 16. Nhf5 c4 17. exd5 Bxd5 18. dxc4 bxc4 19. Ne3 Nb6 20. Nxd5 Qxd5 21. Be3
Qc6 22. Bxb6 Qxb6 23. Bxc4 Qxb2 24. Qe2 Bc5 25. Bxf7+ Kxf7 26. Qc4+ Kg6 27.
Qxc5 Rac8 28. Qe3 Rc3 29. Qc1 Rxc2 30. Qxb2 Rxb2 31. Rab1 Rxb1 32. Rxb1 Re6 33.
Rb7 Rc6 34. Ra7 h5 35. f3 h4 36. Ne4 Nxe4 37. fxe4 Kf6 38. Kf2 g6 39. Kf3 Kg5
40. a4 Rc3+ 41. Kf2 Kf4 42. Rxa6 g5 43. Rf6+ Kxe4 44. a5 Ra3 45. a6 Ra2+ 46.
Kg1 Kd4 47. Rd6+ Ke3 48. Rg6 Ra1+ 49. Kh2 e4 50. Rxg5 Rxa6 51. g3 Ra2+ 52. Kg1
Kf3 53. gxh4 Ra1+ 54. Kh2 e3 55. Rg3+ Ke4 56. Rg2 Kd3 57. Kg3 e2 58. Rxe2 Kxe2
59. Kf4 Ra5 60. Kg4 Ra4+ 61. Kg5 Kf3 62. h5 Ra5+ 63. Kg6 Kf4 64. h6 Ra6+ 65.
Kg7 Kf5 66. h7 Ra7+ 67. Kh6 Ra6+ 68. Kg7 Rg6+ 69. Kf7 Rh6 70. Kg7 Rxh3 1/2-1/2

[Event "Hilton Open 2011"]
[Site "Basel"]
[Date "2011.01.03"]
[Round "4"]
[White "Ovsejevitsch, Sergei"]
[Black "Vulevic, Vjekoslav"]
[Result "1-0"]
[WhiteElo "2582"]
[BlackElo "2293"]
[PlyCount "77"]
[EventDate "2011.01.??"]
[EventType "swiss"]
[EventRounds "7"]
[EventCategory "1"]
[SourceDate "2011.01.02"]

1. d4 Nf6 2. c4 g6 3. Nc3 c5 4. d5 Bg7 5. e4 d6 6. Nf3 O-O 7. Bf4 b5 8. cxb5 a6
9. a4 Qa5 10. Nd2 axb5 11. Bxb5 Ba6 12. O-O Nbd7 13. Nc4 Qc7 14. Re1 Bxb5 15.
Nxb5 Qb7 16. Bd2 Nb6 17. b3 Nc8 18. Bc3 Rd8 19. Na5 Qd7 20. Nc6 Rf8 21. Qf3 e5
22. Na5 Nh5 23. Nc4 f5 24. Rad1 Nf4 25. Bd2 Bh6 26. exf5 Rxf5 27. Bxf4 Bxf4 28.
Qe4 Ra6 29. g3 Bh6 30. f4 Bg7 31. fxe5 Bxe5 32. Nxe5 Rxe5 33. Qh4 Qe7 34. Rxe5
Qxe5 35. Qd8+ Kg7 36. Rf1 Qe3+ 37. Rf2 Qe1+ 38. Kg2 Qe4+ 39. Kh3 1-0

[Event "Hilton Open 2011"]
[Site "Basel"]
[Date "2011.01.03"]
[Round "4"]
[White "Toth, Bela"]
[Black "Braeunlin, Klaus"]
[Result "0-1"]
[WhiteElo "2347"]
[BlackElo "2100"]
[PlyCount "78"]
[EventDate "2011.01.??"]
[EventType "swiss"]
[EventRounds "7"]
[EventCategory "1"]
[SourceDate "2011.01.02"]

1. d4 Nf6 2. c4 e6 3. Nc3 Bb4 4. Qc2 O-O 5. a3 Bxc3+ 6. Qxc3 b5 7. cxb5 c6 8.
Nf3 cxb5 9. Bg5 Bb7 10. e3 Nc6 11. Nd2 Rc8 12. Qd3 h6 13. Bxf6 gxf6 14. Qxb5
Rb8 15. Qh5 Ne7 16. Bd3 Kg7 17. O-O Rg8 18. b4 f5 19. Qh4 Kh7 20. f3 Qf8 21.
Qf2 Qg7 22. Rfe1 Kh8 23. Bf1 Nd5 24. Nc4 Ba6 25. Rac1 f4 26. e4 Bxc4 27. Rxc4
Ne3 28. Rxe3 fxe3 29. Qxe3 d6 30. Rc6 a5 31. b5 Rxb5 32. Rc2 Rb1 33. Kf2 a4 34.
g3 Qg5 35. f4 Qh5 36. Kg2 Qd1 37. Rf2 Rb3 38. Qd2 Qxd2 39. Rxd2 Rgb8 0-1

[Event "Hilton Open 2011"]
[Site "Basel"]
[Date "2011.01.04"]
[Round "5"]
[White "Braeunlin, Klaus"]
[Black "Hamdouchi, Adina-Maria"]
[Result "0-1"]
[WhiteElo "2100"]
[BlackElo "2293"]
[PlyCount "63"]
[EventDate "2011.01.??"]
[EventType "swiss"]
[EventRounds "7"]
[EventCategory "1"]
[SourceDate "2011.01.02"]

1. e4 d6 2. f4 g6 3. Nc3 Bg7 4. d4 Nf6 5. Nf3 c5 6. Bb5+ Bd7 7. e5 Ng4 8. Bxd7+
Qxd7 9. dxc5 dxe5 10. Qxd7+ Nxd7 11. h3 Nh6 12. fxe5 Nxc5 13. g4 O-O 14. Be3
Ne6 15. O-O-O f5 16. g5 Nf7 17. Nd5 Rfe8 18. Rhe1 b6 19. h4 Rac8 20. Kb1 Rc4
21. c3 Re4 22. Bd4 Kf8 23. Rxe4 fxe4 24. Nd2 Rd8 25. Nb4 Nxd4 26. cxd4 Rxd4 27.
Nc6 Rd5 28. e6 e3 29. Rf1 exd2 30. Kc2 d1=Q+ 31. Rxd1 Rxd1 32. Kxd1 0-1

[Event "Hilton Open 2011"]
[Site "Basel"]
[Date "2011.01.04"]
[Round "5"]
[White "Melkumjanz, Nikolay"]
[Black "Schultz, Raphael"]
[Result "0-1"]
[WhiteElo "2260"]
[BlackElo "2107"]
[PlyCount "72"]
[EventDate "2011.01.??"]
[EventType "swiss"]
[EventRounds "7"]
[EventCategory "1"]
[SourceDate "2011.01.02"]

1. c4 b6 2. d4 Bb7 3. Nc3 e6 4. e4 Bb4 5. f3 Ne7 6. Qb3 Nec6 7. Be3 Be7 8.
O-O-O e5 9. dxe5 Nxe5 10. h3 Na6 11. f4 Nc6 12. Nd5 O-O 13. Nf3 Nc5 14. Qc2 a5
15. a3 Nb4 16. axb4 axb4 17. Bd3 Bxd5 18. exd5 b3 19. Qc3 Nxd3+ 20. Qxd3 Ra4
21. Kd2 Re8 22. Rc1 Qa8 23. Nd4 b5 24. Nxb5 Qa6 25. d6 cxd6 26. Nc3 Ra5 27. Nd5
Bd8 28. Rhe1 Ra2 29. Qxb3 Ba5+ 30. Nc3 Qa8 31. Qb5 Rb8 32. Qd5 Rbxb2+ 33. Kd3
Qb8 34. Nxa2 Bxe1 35. Rxe1 Rxa2 36. Qb5 Qa8 0-1

[Event "Hilton Open 2011"]
[Site "Basel"]
[Date "2011.01.04"]
[Round "5"]
[White "Haener, Philippe"]
[Black "Maier, Christian"]
[Result "1/2-1/2"]
[WhiteElo "2180"]
[BlackElo "2367"]
[PlyCount "75"]
[EventDate "2011.01.??"]
[EventType "swiss"]
[EventRounds "7"]
[EventCategory "1"]
[SourceDate "2011.01.02"]

1. e4 e6 2. d4 d5 3. Nc3 Bb4 4. e5 Ne7 5. a3 Bxc3+ 6. bxc3 c5 7. Nf3 Bd7 8. a4
Nbc6 9. Bb5 f6 10. Qe2 O-O 11. O-O fxe5 12. Nxe5 cxd4 13. Bxc6 Nxc6 14. Nxc6
Bxc6 15. Qxe6+ Rf7 16. cxd4 Qa5 17. Qe1 Qa6 18. Qb4 Qe2 19. Qd2 Qc4 20. Qd3
Qxd3 21. cxd3 Rc8 22. Be3 Bd7 23. Rfb1 Bf5 24. Rb3 Rc6 25. a5 b6 26. axb6 Rxb6
27. Rxb6 axb6 28. Ra8+ Rf8 29. Rxf8+ Kxf8 30. Kf1 Bxd3+ 31. Ke1 Ke7 32. Kd2 Bf1
33. g3 Ke6 34. h4 Kf5 35. f3 h5 36. Bf4 Ke6 37. Bc7 b5 38. Ba5 1/2-1/2

[Event "Hilton Open 2011"]
[Site "Basel"]
[Date "2011.01.04"]
[Round "5"]
[White "Drazic, Sinisa"]
[Black "Meyer, Bernhard"]
[Result "1-0"]
[WhiteElo "2487"]
[BlackElo "2133"]
[PlyCount "81"]
[EventDate "2011.01.??"]
[EventType "swiss"]
[EventRounds "7"]
[EventCategory "1"]
[SourceDate "2011.01.02"]

1. e4 d6 2. d4 Nf6 3. f3 d5 4. e5 Ng8 5. Be3 Nc6 6. f4 Bf5 7. Nf3 e6 8. Nc3 h5
9. Be2 Nh6 10. a3 Qd7 11. Qd2 Ne7 12. h3 Bg6 13. g4 O-O-O 14. O-O-O Kb8 15.
Rhg1 hxg4 16. hxg4 Nc8 17. Qe1 Be7 18. Nd2 b6 19. Nb3 a5 20. Qf2 Na7 21. Kb1
Qc6 22. Qe1 Ng8 23. Bf1 Rh2 24. Rd2 Rxd2 25. Qxd2 Nh6 26. Be2 Qb7 27. Rf1 c5
28. f5 Nxf5 29. gxf5 Bxf5 30. dxc5 d4 31. c6 Nxc6 32. Nxd4 Nxd4 33. Bxd4 Qg2
34. Qe3 Bg5 35. Qg1 Qxg1 36. Rxg1 Rxd4 37. Rxg5 Rd2 38. Bd1 g6 39. Rg1 b5 40.
Nxb5 g5 41. Kc1 1-0

[Event "Hilton Open 2011"]
[Site "Basel"]
[Date "2011.01.04"]
[Round "5"]
[White "Battaglini, Gabriel"]
[Black "Bjerke, Silje"]
[Result "1-0"]
[WhiteElo "2437"]
[BlackElo "2186"]
[PlyCount "83"]
[EventDate "2011.01.??"]
[EventType "swiss"]
[EventRounds "7"]
[EventCategory "1"]
[SourceDate "2011.01.02"]

1. d4 Nf6 2. c4 g6 3. Nc3 d5 4. Bg5 Ne4 5. Bh4 Nxc3 6. bxc3 dxc4 7. e3 Bg7 8.
Bxc4 O-O 9. Nf3 b6 10. O-O Bb7 11. Rc1 Nd7 12. Qe2 Qe8 13. Bg3 c5 14. Rfd1 a6
15. a4 e5 16. Rb1 exd4 17. cxd4 Qc8 18. Bd6 Rd8 19. dxc5 Nxc5 20. Ng5 Ne6 21.
Nxe6 fxe6 22. Rxb6 Kh8 23. e4 Qd7 24. e5 Rac8 25. a5 Rc6 26. Bxa6 Bxa6 27. Rxa6
Rxa6 28. Qxa6 Qa4 29. Re1 Bf8 30. h3 Qd4 31. Qb6 Qxb6 32. axb6 Bxd6 33. exd6
Rxd6 34. Rb1 Rd8 35. b7 Rb8 36. f4 Kg7 37. Kf2 Kf6 38. Ke3 g5 39. fxg5+ Kxg5
40. Ke4 Kh4 41. Rb3 h5 42. Ke5 1-0

[Event "Hilton Open 2011"]
[Site "Basel"]
[Date "2011.01.04"]
[Round "5"]
[White "Sommerhalder, Eric"]
[Black "Heinis, Vincent"]
[Result "0-1"]
[WhiteElo "2000"]
[BlackElo "2097"]
[PlyCount "82"]
[EventDate "2011.01.??"]
[EventType "swiss"]
[EventRounds "7"]
[EventCategory "1"]
[SourceDate "2011.01.02"]

1. e4 c5 2. Nf3 d6 3. d4 cxd4 4. Nxd4 Nf6 5. Nc3 e5 6. Ndb5 a6 7. Na3 b5 8. Nd5
Nxd5 9. Qxd5 Ra7 10. Be3 Be6 11. Qd2 Rd7 12. Nxb5 axb5 13. Bxb5 Be7 14. O-O O-O
15. Bxd7 Nxd7 16. b4 Nb6 17. Rfb1 Nc4 18. Qe2 Qb8 19. f3 Nxe3 20. Qxe3 d5 21.
exd5 Bxd5 22. a4 f5 23. Qe2 Rc8 24. a5 Bf6 25. Ra3 e4 26. b5 Bd4+ 27. Kh1 exf3
28. gxf3 Bc3 29. Kg2 Re8 30. Qxe8+ Qxe8 31. Rxc3 Qe2+ 32. Kg1 Bxf3 33. Rxf3
Qxf3 34. b6 Qe3+ 35. Kf1 Qf4+ 36. Kg1 Qd4+ 37. Kf1 Qc4+ 38. Kg1 Qxc2 39. Ra1 f4
40. b7 Qc5+ 41. Kf1 Qb5+ 0-1

[Event "Hilton Open 2011"]
[Site "Basel"]
[Date "2011.01.04"]
[Round "5"]
[White "Wirz, Heinz"]
[Black "Zozulia, Anna"]
[Result "0-1"]
[WhiteElo "2131"]
[BlackElo "2347"]
[PlyCount "86"]
[EventDate "2011.01.??"]
[EventType "swiss"]
[EventRounds "7"]
[EventCategory "1"]
[SourceDate "2011.01.02"]

1. d4 d6 2. c4 e5 3. Nf3 e4 4. Ng5 f5 5. Nc3 Nf6 6. Nh3 c6 7. Bg5 Be7 8. e3 O-O
9. Be2 Na6 10. O-O h6 11. Bxf6 Bxf6 12. Nf4 g5 13. Nh5 Bh8 14. Rb1 Nc7 15. Qc2
Be6 16. b4 Bf7 17. Ng3 Bg6 18. d5 cxd5 19. Rfd1 dxc4 20. Bxc4+ Kh7 21. Nd5 Rc8
22. Nxc7 Rxc7 23. Qb3 Qe7 24. Ne2 Bf7 25. Bxf7 Rxf7 26. Qd5 Qe5 27. Qb3 Qe8 28.
Qd5 Be5 29. a4 Rf6 30. Rbc1 Rxc1 31. Rxc1 Qf7 32. Qa5 b6 33. Qa6 Re6 34. Ng3
Re7 35. Qc8 Kg6 36. b5 h5 37. Rc6 h4 38. Nf1 Kg7 39. Nd2 Qf8 40. Qa6 Qf7 41.
Nc4 Qd5 42. f3 Qd1+ 43. Kf2 Bxh2 0-1